Investigation of Thermal Conversion of Sewage Sludge & Biomass-Blends in Pyrolysis Process / (Record no. 534556)

000 -LEADER
fixed length control field 00529nam a22001577a 4500
020 ## - INTERNATIONAL STANDARD BOOK NUMBER
Qualifying information Hard Cover.
082 ## - DEWEY DECIMAL CLASSIFICATION NUMBER
Classification number 660
100 ## - MAIN ENTRY--PERSONAL NAME
Personal name Hameed, Zeeshan.
245 ## - TITLE STATEMENT
Title Investigation of Thermal Conversion of Sewage Sludge & Biomass-Blends in Pyrolysis Process /
Statement of responsibility, etc. Zeeshan Hameed.
260 ## - PUBLICATION, DISTRIBUTION, ETC.
Place of publication, distribution, etc. Islamabad:
Name of publisher, distributor, etc. SCME - NUST,
Date of publication, distribution, etc. 2018.
300 ## - PHYSICAL DESCRIPTION
Extent 51 p. :
Other physical details ill. ;
Dimensions 30cm.
942 ## - ADDED ENTRY ELEMENTS (KOHA)
Source of classification or shelving scheme
Koha item type Thesis
650 ## - SUBJECT ADDED ENTRY--TOPICAL TERM
Topical term or geographic name entry element Chemical Engineering MS-Thesis.
700 ## - ADDED ENTRY--PERSONAL NAME
Linkage DR. Salman Raza Naqwi
650 ## - SUBJECT ADDED ENTRY--TOPICAL TERM
-- 16130
Holdings
Withdrawn status Lost status Source of classification or shelving scheme Damaged status Not for loan Permanent Location Current Location Shelving location Date acquired Total Checkouts Full call number Barcode Date last seen Price effective from Koha item type
          Central Library (CL) Central Library (CL) Thesis 03/02/2020   660 CL-T-5305 03/02/2020 03/02/2020 Thesis
© 2023 Central Library, National University of Sciences and Technology. All Rights Reserved.